| 000 | 00772cam a22002533a 4500 | ||
|---|---|---|---|
| 001 | 29382 | ||
| 003 | PGUSA | ||
| 005 | 20140828083633.0 | ||
| 008 | 090712s2009||||xxu|||||s|||||000 | eng d | ||
| 040 |
_aPGUSA _beng |
||
| 042 | _adc | ||
| 050 | 4 | _aTT | |
| 245 | 1 | 4 |
_aThe Ladies' Work-Table Book : _bContaining Clear and Practical Instructions in Plain and Fancy Needlework, Embroidery, Knitting, Netting and Crochet _h[electronic resource] / _cAnonymous |
| 260 |
_bProject Gutenberg, _c2009 |
||
| 506 | _aPublic domain in the USA. | ||
| 516 | _aElectronic text | ||
| 653 | _aNetting | ||
| 653 | _aKnitting | ||
| 653 | _aNeedlework | ||
| 653 | _aCrocheting | ||
| 830 | 0 |
_aProject Gutenberg _v29382 |
|
| 856 | 4 | 0 | _uhttp://www.gutenberg.org/ebooks/29382 |
| 942 | _cEB | ||
| 999 |
_c258637 _d258637 |
||